[Event "HUN-chT2 9596"]
[Site "Hungary"]
[Date "1995.??.??"]
[Round "3"]
[White "Mufics, Istvan"]
[Black "Binder, Tamas"]
[Result "1-0"]
[WhiteElo "2205"]
[BlackElo "2240"]
[PlyCount "54"]
[EventDate "1995.??.??"]
[EventType "team"]
[EventRounds "11"]
[EventCountry "HUN"]
[SourceTitle "EXT 2000"]
[Source "ChessBase"]
[SourceDate "1999.11.16"]
[SourceVersion "1"]
[SourceVersionDate "1999.11.16"]
[SourceQuality "1"]

1. e4 c5 2. a3 e6 3. b4 cxb4 4. axb4 Bxb4 5. c3 Bf8 6. d4 d5 7. e5 Nc6 8. Bd3 a6 9. Ne2 Bd7 10. 0-0 b5 11. f4 g6 12. g4 Qb6 13. Be3 h5 14. f5 Nxe5 15. fxg6 fxg6 16. gxh5 gxh5 17. Nf4 Bh6 18. Qxh5+ Nf7 19. Qxf7+ Kxf7 20. Nxd5+ Ke8 21. Bg6+ Kd8 22. Bg5+ Kc8 23. Nxb6+ Kb7 24. Nxa8 Bxg5 25. Be4+ Bc6 26. Bxc6+ Kxc6 27. Rxa6+ Kb7 1-0

[Event "HUN-chT2 9394"]
[Site "Hungary"]
[Date "1994.??.??"]
[Round "?"]
[White "Banhazi, Istvan"]
[Black "Mufics, Istvan"]
[Result "1-0"]
[WhiteElo "2210"]
[BlackElo "2250"]
[PlyCount "85"]
[EventDate "1993.??.??"]
[EventType "team"]
[EventRounds "13"]
[EventCountry "HUN"]
[SourceTitle "TD"]
[Source "ChessBase"]
[SourceDate "1994.03.01"]
[SourceVersion "1"]
[SourceVersionDate "1994.03.01"]
[SourceQuality "1"]

1. d4 Nf6 2. c4 g6 3. Nc3 Bg7 4. e4 d6 5. f4 0-0 6. Nf3 Nc6 7. d5 Nb4 8. a3 Na6 9. Bd3 Nc5 10. Bc2 e5 11. fxe5 dxe5 12. 0-0 Nh5 13. Be3 Nd7 14. Qd2 f5 15. exf5 gxf5 16. Bh6 Qf6 17. Bxg7 Nxg7 18. Rae1 e4 19. Nd4 Qb6 20. b4 Ne5 21. c5 Qg6 22. Qf4 Re8 23. Ne6 Nf3+ 24. Rxf3 exf3 25. Qxf3 Bxe6 26. dxe6 Nxe6 27. Bxf5 Nd4 28. Qd5+ Qf7 29. Bxh7+ Kg7 30. Qxd4+ Kxh7 31. Ne4 Kg6 32. Rf1 Qg7 33. Rf6+ Kh7 34. Rf7 Qxf7 35. Ng5+ Kg8 36. Nxf7 Kxf7 37. Qd5+ Re6 38. Qxb7 Rae8 39. h3 Re1+ 40. Kh2 R1e2 41. Qxc7+ R8e7 42. Qf4+ Ke8 43. c6 1-0

[Event "HUN-chT2 9394"]
[Site "Hungary"]
[Date "1994.??.??"]
[Round "?"]
[White "Mufics, Istvan"]
[Black "Kis, Jozsef"]
[Result "1/2-1/2"]
[WhiteElo "2250"]
[BlackElo "2275"]
[PlyCount "144"]
[EventDate "1993.??.??"]
[EventType "team"]
[EventRounds "13"]
[EventCountry "HUN"]
[SourceTitle "TD"]
[Source "ChessBase"]
[SourceDate "1994.03.01"]
[SourceVersion "1"]
[SourceVersionDate "1994.03.01"]
[SourceQuality "1"]

1. e4 c5 2. a3 e6 3. b4 cxb4 4. axb4 Bxb4 5. c3 Be7 6. d4 Nf6 7. Bd3 d5 8. e5 Nfd7 9. Qg4 g6 10. Bh6 Nc6 11. Nf3 Rb8 12. h4 Bf8 13. Bc1 Qc7 14. h5 Rg8 15. hxg6 hxg6 16. 0-0 b5 17. Ng5 Nd8 18. Bf4 a6 19. Rc1 Nb6 20. Nh7 Be7 21. Nf6+ Bxf6 22. exf6 Qb7 23. Bxb8 Qxb8 24. Qh4 Nd7 25. Nd2 g5 26. Qh2 Qxh2+ 27. Kxh2 Nxf6 28. Nb3 Nd7 29. Na5 Ke7 30. Rab1 Kd6 31. c4 dxc4 32. Bxc4 Nb7 33. Bxb5 Nxa5 34. Bxa6 Bxa6 35. Ra1 Rc8 36. Rxc8 Bxc8 37. Rxa5 f6 38. Ra7 f5 39. Kg3 Nf6 40. Rf7 Ne4+ 41. Kf3 g4+ 42. Ke3 Ba6 43. f3 gxf3 44. gxf3 Nc3 45. Ra7 Bb5 46. Ra5 Bc6 47. Ra1 Kd5 48. Ra5+ Nb5 49. Ra1 Nd6 50. Rc1 Nc4+ 51. Kd3 Bb5 52. Kc3 Ne3 53. Re1 f4 54. Ra1 Be2 55. Ra5+ Kd6 56. d5 Nxd5+ 57. Kd4 e5+ 58. Ke4 Nc3+ 59. Kf5 Bd3+ 60. Kg5 Nd5 61. Ra3 Bc2 62. Ra6+ Kc5 63. Ra2 Bd3 64. Ra4 Bc4 65. Kf5 Kd4 66. Ra7 Bd3+ 67. Ke6 Ne3 68. Rd7+ Kc3 69. Kxe5 Ng2 70. Rg7 Bf1 71. Rd7 Bd3 72. Rg7 Bf1 1/2-1/2

[Event "HUN-chT2 9394"]
[Site "Hungary"]
[Date "1994.??.??"]
[Round "?"]
[White "Mufics, Istvan"]
[Black "Sinkovics, Peter"]
[Result "1-0"]
[WhiteElo "2250"]
[BlackElo "2395"]
[PlyCount "95"]
[EventDate "1993.??.??"]
[EventType "team"]
[EventRounds "13"]
[EventCountry "HUN"]
[SourceTitle "TD"]
[Source "ChessBase"]
[SourceDate "1994.03.01"]
[SourceVersion "1"]
[SourceVersionDate "1994.03.01"]
[SourceQuality "1"]

1. c4 g6 2. Nc3 Bg7 3. d4 Nf6 4. e4 d6 5. f3 0-0 6. Be3 e5 7. dxe5 dxe5 8. Bg5 Qe8 9. Qd2 Na6 10. Nd5 Nxd5 11. cxd5 c6 12. Bxa6 bxa6 13. d6 f6 14. Be3 Be6 15. Ne2 Rf7 16. 0-0 Rd8 17. Rfd1 Bf8 18. Bc5 Rfd7 19. Qb4 Rb8 20. Qa3 f5 21. Nc3 Qc8 22. Rac1 f4 23. Rd2 g5 24. Ne2 g4 25. Qc3 gxf3 26. Qxe5 Bxa2 27. Nc3 Bb3 28. Qxf4 fxg2 29. Rxg2+ Bg7 30. Bd4 Qf8 31. Qg4 Rbb7 32. e5 Kh8 33. Ne4 Rf7 34. Nf6 Bxf6 35. exf6 Bd5 36. Re2 Rb8 37. Qg7+ Rxg7+ 38. fxg7+ Qxg7+ 39. Bxg7+ Kxg7 40. Re7+ Kg6 41. Rf1 Rd8 42. d7 h5 43. h4 a5 44. Rf4 Bb3 45. Kf2 c5 46. Ke3 a4 47. Ke4 a5 48. Ke5 1-0

[Event "HUN-chT2 9394"]
[Site "Hungary"]
[Date "1994.??.??"]
[Round "?"]
[White "Szabo, Janos"]
[Black "Mufics, Istvan"]
[Result "1/2-1/2"]
[WhiteElo "2235"]
[BlackElo "2250"]
[PlyCount "29"]
[EventDate "1993.??.??"]
[EventType "team"]
[EventRounds "13"]
[EventCountry "HUN"]
[SourceTitle "TD"]
[Source "ChessBase"]
[SourceDate "1994.03.01"]
[SourceVersion "1"]
[SourceVersionDate "1994.03.01"]
[SourceQuality "1"]

1. e4 c5 2. Nf3 a6 3. c3 g6 4. d4 cxd4 5. cxd4 Bg7 6. Nc3 d6 7. Be2 Nf6 8. 0-0 0-0 9. h3 b5 10. a3 Bb7 11. Bd3 Nc6 12. Be3 e5 13. Qd2 Nd7 14. dxe5 dxe5 15. Bh6 1/2-1/2

[Event "HUN-chT"]
[Site "Hungary"]
[Date "1993.??.??"]
[Round "?"]
[White "Havasi, Janos"]
[Black "Mufics, Istvan"]
[Result "1-0"]
[WhiteElo "2240"]
[BlackElo "2265"]
[PlyCount "158"]
[EventDate "1993.??.??"]
[EventType "team"]
[EventRounds "13"]
[EventCountry "HUN"]
[SourceTitle "TD"]
[Source "ChessBase"]
[SourceDate "1994.03.01"]
[SourceVersion "1"]
[SourceVersionDate "1994.03.01"]
[SourceQuality "1"]

1. e4 c5 2. Nc3 Nc6 3. g3 g6 4. Bg2 Bg7 5. d3 d6 6. Be3 e6 7. Qd2 Bd7 8. Nh3 Nd4 9. f4 f5 10. Nd1 Qc7 11. c3 Nc6 12. 0-0 Nf6 13. Nhf2 0-0 14. Rc1 b6 15. d4 fxe4 16. Nxe4 Rae8 17. Nxf6+ Bxf6 18. Nf2 Ne7 19. Ne4 Bg7 20. Rfe1 Nf5 21. Bf2 Bc6 22. Qd3 Qd7 23. dxc5 dxc5 24. Qxd7 Bxd7 25. Rcd1 Bc6 26. Nd6 Nxd6 27. Bxc6 Rd8 28. Rxe6 Nc4 29. Rxd8 Rxd8 30. Re2 Rd6 31. Bb5 Rd1+ 32. Kg2 Nd6 33. Ba4 Rb1 34. Bc2 Ra1 35. Rd2 Bf8 36. Kf3 Be7 37. a3 Kf8 38. Bb3 c4 39. Bd1 Ra2 40. Be2 b5 41. Bxa7 b4 42. Rd5 bxc3 43. bxc3 Rxa3 44. Bd4 Nf5 45. Be5 Bb4 46. Bxc4 Bxc3 47. Rd3 Bb4 48. Bb3 Ke7 49. g4 Nd6 50. Bb2 Ra5 51. Re3+ Kf8 52. Bf6 Nf7 53. g5 Bd6 54. Rd3 Ra3 55. Bb2 Ra6 56. h4 Rb6 57. Bf6 Be7 58. Bxe7+ Kxe7 59. Re3+ Kf8 60. Bc2 Rb2 61. Rc3 Rb7 62. Kg4 Kg7 63. h5 Rb4 64. hxg6 hxg6 65. Rc7 Rb6 66. Bd3 Kf8 67. Rc8+ Kg7 68. Bc4 Rb7 69. Rc6 Rd7 70. Bb3 Nd6 71. Bc2 Kf7 72. Ba4 Ke7 73. Rc5 Rb7 74. Bc2 Kf7 75. Re5 Rc7 76. Bxg6+ Kxg6 77. Re6+ Kg7 78. Rxd6 Rc8 79. Rd7+ Kf8 1-0

[Event "HUN-chT"]
[Site "Hungary"]
[Date "1993.??.??"]
[Round "?"]
[White "Somogyi, Istvan"]
[Black "Mufics, Istvan"]
[Result "1-0"]
[WhiteElo "2295"]
[BlackElo "2265"]
[PlyCount "111"]
[EventDate "1993.??.??"]
[EventType "team"]
[EventRounds "13"]
[EventCountry "HUN"]
[SourceTitle "TD"]
[Source "ChessBase"]
[SourceDate "1994.03.01"]
[SourceVersion "1"]
[SourceVersionDate "1994.03.01"]
[SourceQuality "1"]

1. d4 Nf6 2. c4 g6 3. Nc3 Bg7 4. g3 0-0 5. Bg2 d6 6. Nf3 c6 7. 0-0 Qc7 8. h3 e5 9. e4 a6 10. Be3 b5 11. cxb5 axb5 12. a3 Ba6 13. Re1 Nbd7 14. Rc1 Rfd8 15. Qc2 Rac8 16. b4 Qb7 17. Qb3 h6 18. Rc2 Ne8 19. Rec1 c5 20. bxc5 dxc5 21. Nd5 c4 22. Qb1 Bf8 23. Rc3 exd4 24. Nxd4 Nc5 25. Nb4 Na4 26. R3c2 Bc5 27. Rd1 Qb6 28. Nd5 Qa7 29. Qa1 Nb6 30. Bxh6 Nxd5 31. exd5 Bb7 32. Nxb5 Qa6 33. Re2 c3 34. Nxc3 Qxa3 35. Qxa3 Bxa3 36. Nb5 Bc5 37. Bf4 Ba6 38. Rb2 Bxb5 39. Rxb5 Nd6 40. Rb3 f6 41. h4 Kf7 42. Rc1 Bd4 43. Rxc8 Nxc8 44. Rb7+ Kg8 45. Rb8 Ba7 46. Ra8 Bb6 47. Bh3 Na7 48. Rxd8+ Bxd8 49. Bd7 Bb6 50. Bd6 Kf7 51. Kg2 Kg7 52. f4 f5 53. Kf3 Kf6 54. Bb4 Bd4 55. d6 Kf7 56. Bd2 1-0

[Event "Helsinki2"]
[Site "Helsinki"]
[Date "1990.??.??"]
[Round "?"]
[White "Karolyi, Tibor Jr"]
[Black "Mufics, Istvan"]
[Result "1-0"]
[WhiteElo "2440"]
[BlackElo "2265"]
[PlyCount "89"]
[EventDate "1990.??.??"]
[EventType "tourn"]
[EventRounds "9"]
[EventCountry "FIN"]
[EventCategory "4"]
[SourceTitle "EXT 2003"]
[Source "ChessBase"]
[SourceDate "2002.11.25"]
[SourceVersion "1"]
[SourceVersionDate "2002.11.25"]
[SourceQuality "1"]

1. d4 Nf6 2. c4 e5 3. dxe5 Ng4 4. Bf4 Nc6 5. Nf3 Bb4+ 6. Nbd2 Qe7 7. e3 Ngxe5 8. Nxe5 Nxe5 9. Be2 d6 10. 0-0 0-0 11. Nb3 Ng6 12. Bg3 Be6 13. a3 Bc5 14. Nxc5 dxc5 15. Qb3 c6 16. Rfd1 Rfd8 17. Qa4 f6 18. Qa5 Ne5 19. b3 Bg4 20. Bxg4 Nxg4 21. Rxd8+ Rxd8 22. Qxa7 h5 23. h3 h4 24. Bf4 Nxf2 25. Kxf2 Rd2+ 26. Kf3 Qf7 27. Qxc5 g5 28. Qf5 Qh5+ 29. Qg4 Qxg4+ 30. hxg4 gxf4 31. exf4 Rd3+ 32. Ke4 Rxb3 33. Kf5 Rg3 34. Ra2 Kf7 35. Rb2 Ke7 36. c5 Rxa3 37. Rxb7+ Ke8 38. Rh7 Rc3 39. Kxf6 Rc4 40. Rxh4 Rxf4+ 41. Ke6 Kd8 42. Rh8+ Kc7 43. Rh7+ Kb8 44. g5 Rg4 45. Kf5 1-0

[Event "Helsinki2"]
[Site "Helsinki"]
[Date "1990.??.??"]
[Round "?"]
[White "Sherzer, Alex"]
[Black "Mufics, Istvan"]
[Result "1-0"]
[WhiteElo "2440"]
[BlackElo "2265"]
[PlyCount "259"]
[EventDate "1990.??.??"]
[EventType "tourn"]
[EventRounds "9"]
[EventCountry "FIN"]
[EventCategory "4"]
[SourceTitle "EXT 2003"]
[Source "ChessBase"]
[SourceDate "2002.11.25"]
[SourceVersion "1"]
[SourceVersionDate "2002.11.25"]
[SourceQuality "1"]

1. e4 e5 2. Nf3 Nc6 3. Bb5 a6 4. Ba4 d6 5. c4 Bd7 6. d4 g6 7. Nc3 Bg7 8. Bg5 f6 9. Be3 Nh6 10. dxe5 dxe5 11. Bc5 Be6 12. Bxc6+ bxc6 13. Qa4 Bd7 14. Rd1 Qc8 15. 0-0 Qb7 16. Rd3 Nf7 17. Rfd1 Rd8 18. Qa3 Bg4 19. Na4 Bxf3 20. Rxd8+ Nxd8 21. Qxf3 Ne6 22. b3 Qc8 23. Be3 Kf7 24. Nc5 Nxc5 25. Bxc5 Rd8 26. Kf1 Bf8 27. Be3 c5 28. Rxd8 Qxd8 29. Qe2 Qd7 30. f3 Be7 31. Qc2 Bf8 32. Ke2 Be7 33. Qd3 Qxd3+ 34. Kxd3 Ke6 35. Kc3 Kd7 36. Kb2 Kc6 37. Ka3 Kb7 38. Ka4 f5 39. Bh6 c6 40. Bg7 Bd6 41. Bf6 Kb6 42. h3 h5 43. Bd8+ Kb7 44. Ba5 fxe4 45. fxe4 Be7 46. Bd2 Bf6 47. Be3 Be7 48. Bf2 Kc7 49. Bg3 Bf6 50. Bf2 Be7 51. Be3 Kb7 52. Bh6 Bh4 53. Bg7 Bg3 54. Bf6 Bf4 55. Bg7 Bg3 56. Ka3 Kc7 57. Kb2 Kd7 58. Bf6 Bf4 59. Kc2 Ke6 60. Bd8 Be3 61. Kd3 Bd4 62. Bb6 Kd6 63. Kd2 Kd7 64. Ke2 Ke6 65. Kd2 Kd7 66. a3 Kd6 67. Kc2 Kd7 68. Kd3 Ke7 69. Ba5 Kd7 70. Bd2 Kd6 71. Bg5 Ke6 72. Bd8 Bb2 73. a4 Bd4 74. Bh4 Kd7 75. Be1 Ke6 76. Bd2 Kd6 77. Ba5 Bg1 78. Bb6 Bd4 79. Ke2 Kd7 80. Ba5 Ke6 81. Bd8 Kd7 82. Bg5 Ke6 83. Bc1 Kf6 84. Bd2 Ke6 85. Bg5 Kd6 86. Kf3 Ke6 87. Bd2 Kf6 88. Ba5 Ke6 89. Bd8 Kd7 90. Bg5 Ke6 91. g4 Kf7 92. Bh4 Ke6 93. Be1 Kf6 94. Ba5 Ke6 95. Bd2 Kf6 96. Be1 Ke6 97. Kg3 Kf6 98. Kh4 hxg4 99. Kxg4 Be3 100. Bh4+ Kf7 101. Bd8 Bh6 102. Bc7 Ke6 103. h4 Bd2 104. h5 gxh5+ 105. Kxh5 Bc3 106. Kg6 Bd2 107. Bd8 Bc3 108. Bg5 Ba5 109. Kg7 Bc3 110. Kf8 Kd7 111. Kf7 Be1 112. Be3 Kd6 113. Bh6 Kd7 114. Bf8 Bf2 115. Kf6 Bd4 116. Kf5 Kc7 117. Ke6 Kb6 118. Bh6 Bc3 119. Be3 Ka5 120. Bxc5 Bd4 121. Bd6 c5 122. Bxe5 Kb4 123. Kd5 Kc3 124. Bd6 Kxb3 125. Bxc5 Bc3 126. Bd6 Kxa4 127. e5 Kb3 128. e6 Bf6 129. e7 Bxe7 130. Bxe7 1-0